[Event "Bialystok Zamenhof Memorial 41st"]
[Site "Bialystok"]
[Date "2022.??.??"]
[Round "9"]
[White "Karolczuk, Iwo"]
[Black "Olszewski, Michal"]
[Result "0-1"]
[WhiteElo "2327"]
[BlackElo "2521"]
[PlyCount "50"]
[EventDate "2022.12.27"]
[EventType "swiss"]
[EventRounds "9"]
[EventCountry "POL"]
[SourceTitle "CBM 211 Extra"]
[Source "ChessBase"]
[SourceDate "2023.01.31"]
[SourceVersion "1"]
[SourceVersionDate "2023.01.31"]
[SourceQuality "1"]

1. e4 e5 2. Nf3 Nc6 3. Bb5 a6 4. Ba4 Nf6 5. 0-0 Be7 6. Re1 b5 7. Bb3 d6 8. c3 0-0 9. h3 Nd7 10. d4 Bf6 11. a4 Bb7 12. d5 Na5 13. Ba2 c5 14. b4 Nc4 15. Bxc4 bxc4 16. Na3 Qc7 17. Nd2 Bh4 18. Naxc4 f5 19. Ne3 fxe4 20. Nxe4 cxb4 21. cxb4 Nf6 22. Nxf6+ Rxf6 23. g3 Qf7 24. Qg4 Rf8 25. Qxh4 Rh6 0-1

[Event "Bydgoszcz PGNiG Blitz"]
[Site "Bydgoszcz"]
[Date "2021.09.19"]
[Round "3"]
[White "Flak, Pawel"]
[Black "Olszewski, Michal"]
[Result "0-1"]
[WhiteElo "2206"]
[BlackElo "2522"]
[PlyCount "68"]
[EventDate "2021.09.19"]
[EventType "swiss (blitz)"]
[EventRounds "13"]
[EventCountry "POL"]
[SourceTitle "CBM 204 Extra"]
[Source "ChessBase"]
[SourceDate "2021.11.30"]
[SourceVersion "1"]
[SourceVersionDate "2021.11.30"]
[SourceQuality "1"]

1. d4 Nf6 2. c4 g6 3. Nc3 d5 4. Bf4 Bg7 5. e3 0-0 6. Nf3 c5 7. Be5 cxd4 8. exd4 Be6 9. Qb3 dxc4 10. Qxb7 Nbd7 11. Qa6 Nxe5 12. dxe5 Nd7 13. Rd1 Qc7 14. Nd5 Bxd5 15. Rxd5 Nb6 16. Rd1 c3 17. bxc3 Qxc3+ 18. Nd2 Rfd8 19. f4 Rd4 20. Be2 Rad8 21. 0-0 Rxd2 22. Rxd2 Qxd2 23. Kh1 Nd5 24. e6 f5 25. Bf3 Nxf4 26. Qxa7 Bf6 27. Qc7 Kg7 28. a4 Nxe6 29. Qc4 Ng5 30. Bc6 Rd4 31. Qb5 Ne4 32. a5 Nf2+ 33. Kg1 Qe3 34. g3 Rd2 0-1

[Event "Bydgoszcz PGNiG Rapid"]
[Site "Bydgoszcz"]
[Date "2021.09.18"]
[Round "5"]
[White "Leniart, Arkadiusz"]
[Black "Olszewski, Michal"]
[Result "0-1"]
[WhiteElo "2465"]
[BlackElo "2522"]
[PlyCount "72"]
[EventDate "2021.09.18"]
[EventType "swiss (rapid)"]
[EventRounds "9"]
[EventCountry "POL"]
[SourceTitle "CBM 204 Extra"]
[Source "ChessBase"]
[SourceDate "2021.11.30"]
[SourceVersion "1"]
[SourceVersionDate "2021.11.30"]
[SourceQuality "1"]

1. d4 Nf6 2. Nf3 g6 3. c4 Bg7 4. Nc3 d5 5. Bg5 Ne4 6. cxd5 Nxg5 7. Nxg5 e6 8. Qd2 h6 9. Nh3 exd5 10. Nf4 0-0 11. e3 Re8 12. Be2 c6 13. 0-0 Qd6 14. Rab1 a5 15. Na4 Nd7 16. Rfc1 Bf6 17. Nd3 Bd8 18. Nac5 Bc7 19. g3 Nf6 20. Nf4 b6 21. Na4 Bd7 22. Nc3 h5 23. a3 h4 24. b4 b5 25. Rb2 Kg7 26. Qc2 axb4 27. axb4 Bb6 28. Bd3 Rh8 29. Nce2 Rh6 30. gxh4 Rxh4 31. Ng3 Rxf4 32. exf4 Qxf4 33. Qd2 Qxd4 34. Bf1 Qh4 35. Qc3 Rh8 36. Bg2 Bd4 0-1

[Event "Bydgoszcz PGNiG Rapid"]
[Site "Bydgoszcz"]
[Date "2021.09.18"]
[Round "4"]
[White "Olszewski, Michal"]
[Black "Seemann, Jakub"]
[Result "1-0"]
[WhiteElo "2522"]
[BlackElo "2294"]
[PlyCount "77"]
[EventDate "2021.09.18"]
[EventType "swiss (rapid)"]
[EventRounds "9"]
[EventCountry "POL"]
[SourceTitle "CBM 204 Extra"]
[Source "ChessBase"]
[SourceDate "2021.11.30"]
[SourceVersion "1"]
[SourceVersionDate "2021.11.30"]
[SourceQuality "1"]

1. Nf3 Nf6 2. c4 e6 3. d4 d5 4. Nc3 c5 5. cxd5 Nxd5 6. g3 Nxc3 7. bxc3 cxd4 8. cxd4 Bb4+ 9. Bd2 Bxd2+ 10. Qxd2 b6 11. Bg2 Bb7 12. 0-0 0-0 13. Rfe1 Nd7 14. e4 Nf6 15. Qf4 Rc8 16. a4 Qc7 17. Qh4 h6 18. Re3 Qc2 19. Rae1 Rc3 20. Rxc3 Qxc3 21. Qf4 Rc8 22. g4 Qb4 23. h4 Qxa4 24. g5 hxg5 25. hxg5 Nxe4 26. Rxe4 Bxe4 27. Qxe4 Qc6 28. Qh4 Qc1+ 29. Kh2 Rc2 30. Qg3 Qb2 31. g6 Qc1 32. Ng5 f6 33. Nxe6 Qh6+ 34. Kg1 Rc1+ 35. Bf1 Rxf1+ 36. Kxf1 Qh1+ 37. Ke2 Qe4+ 38. Kd2 Qb7 39. Qh4 1-0

[Event "Oberliga Nord N 1920"]
[Site "Germany"]
[Date "2021.08.15"]
[Round "9.1"]
[White "Kesten, Sebastian"]
[Black "Olszewski, Michal"]
[Result "1/2-1/2"]
[WhiteElo "2289"]
[BlackElo "2525"]
[PlyCount "23"]
[EventDate "2019.09.29"]
[EventType "team-tourn"]
[EventRounds "9"]
[EventCountry "GER"]
[SourceTitle "EXT 2023"]
[Source "ChessBase"]
[SourceDate "2022.10.05"]
[SourceVersion "1"]
[SourceVersionDate "2022.10.05"]
[SourceQuality "1"]
[WhiteTeam "Schwerin SF"]
[BlackTeam "Norderstedt"]
[WhiteTeamCountry "GER"]
[BlackTeamCountry "GER"]

1. c4 Nf6 2. g3 c6 3. Bg2 d5 4. cxd5 cxd5 5. Nf3 Nc6 6. d4 Bf5 7. 0-0 e6 8. Qb3 a6 9. Bd2 b5 10. Rc1 Na5 11. Bxa5 Qxa5 12. Nbd2 1/2-1/2

[Event "Warsaw Maciei Memorial"]
[Site "Warsaw"]
[Date "2021.07.09"]
[Round "5"]
[White "Olszewski, Michal"]
[Black "Dwilewicz, Katarzyna"]
[Result "1/2-1/2"]
[WhiteElo "2525"]
[BlackElo "2082"]
[PlyCount "95"]
[EventDate "2021.07.09"]
[EventType "swiss (blitz)"]
[EventRounds "11"]
[EventCountry "POL"]
[SourceTitle "CBM 203 Extra"]
[Source "ChessBase"]
[SourceDate "2021.09.30"]
[SourceVersion "1"]
[SourceVersionDate "2021.09.30"]
[SourceQuality "1"]

1. Nf3 Nf6 2. c4 e6 3. Nc3 d5 4. d4 c6 5. g3 Nbd7 6. Bg2 Bd6 7. b3 0-0 8. Bb2 b6 9. 0-0 Ba6 10. Qd3 Re8 11. Rfd1 Rc8 12. e4 dxe4 13. Nxe4 Nxe4 14. Qxe4 Nf6 15. Qc2 Bb7 16. Ne5 Qe7 17. c5 Bb8 18. Rac1 Nd5 19. Bf1 b5 20. Qe4 f5 21. Qe2 a6 22. Re1 Qg5 23. Bg2 Rcd8 24. Rcd1 h6 25. Rd3 Nb4 26. Rd2 Nxa2 27. Nxc6 Bxc6 28. Bxc6 Re7 29. d5 Nb4 30. d6 Rf7 31. Bg2 Re8 32. f4 Qd8 33. c6 Bxd6 34. Be5 Qb6+ 35. Bd4 Bc5 36. Qf2 Bxd4 37. Rxd4 Nxc6 38. Rd6 Qxf2+ 39. Kxf2 Na5 40. Rxa6 Nxb3 41. Raxe6 Rxe6 42. Rxe6 Nd4 43. Re8+ Kh7 44. Rd8 Ne6 45. Rb8 Nd4 46. Rd8 Ne6 47. Rb8 Nd4 48. Rd8 1/2-1/2

[Event "Warsaw Maciei Memorial"]
[Site "Warsaw"]
[Date "2021.07.09"]
[Round "3"]
[White "Olszewski, Michal"]
[Black "Luberanski, Jakub"]
[Result "0-1"]
[WhiteElo "2525"]
[BlackElo "2274"]
[PlyCount "82"]
[EventDate "2021.07.09"]
[EventType "swiss (blitz)"]
[EventRounds "11"]
[EventCountry "POL"]
[SourceTitle "CBM 203 Extra"]
[Source "ChessBase"]
[SourceDate "2021.09.30"]
[SourceVersion "1"]
[SourceVersionDate "2021.09.30"]
[SourceQuality "1"]

1. e4 c6 2. d4 d5 3. e5 Bf5 4. Nf3 e6 5. Be2 Ne7 6. 0-0 Ng6 7. Ne1 h5 8. g3 Bh3 9. Ng2 h4 10. g4 a6 11. f4 Bxg2 12. Kxg2 h3+ 13. Kh1 Nh4 14. f5 c5 15. Qd3 cxd4 16. Qxh3 Nc6 17. fxe6 fxe6 18. g5 Qd7 19. Bg4 Ng6 20. Qg3 Ngxe5 21. Bh3 Bd6 22. Bf4 0-0-0 23. c3 dxc3 24. Nxc3 Ng6 25. Nxd5 Nxf4 26. Nb6+ Kc7 27. Nxd7 Nxh3 28. Qg2 Kxd7 29. Rad1 Kc7 30. Rf7+ Kb8 31. Rxd6 Rxd6 32. Qg3 e5 33. Qb3 Nd8 34. Rf1 Nf4 35. Qc3 Re8 36. Re1 Nc6 37. b4 Rd3 38. Qc5 Red8 39. Kg1 Rd1 40. Rxd1 Rxd1+ 41. Kf2 Nd3+ 0-1

[Event "Warsaw Maciei Memorial"]
[Site "Warsaw"]
[Date "2021.07.09"]
[Round "2"]
[White "Szewczak, Andrzej"]
[Black "Olszewski, Michal"]
[Result "0-1"]
[WhiteElo "1743"]
[BlackElo "2525"]
[PlyCount "52"]
[EventDate "2021.07.09"]
[EventType "swiss (blitz)"]
[EventRounds "11"]
[EventCountry "POL"]
[SourceTitle "CBM 203 Extra"]
[Source "ChessBase"]
[SourceDate "2021.09.30"]
[SourceVersion "1"]
[SourceVersionDate "2021.09.30"]
[SourceQuality "1"]

1. e4 e5 2. Nf3 Nc6 3. Bc4 Nf6 4. Nc3 Nxe4 5. Nxe4 d5 6. Bd3 dxe4 7. Bxe4 Bd6 8. d3 f5 9. Bd5 Bb4+ 10. c3 Qxd5 11. cxb4 Nxb4 12. 0-0 0-0 13. Re1 e4 14. dxe4 Qxd1 15. Rxd1 fxe4 16. Nd4 Nd3 17. Be3 c5 18. Nb5 Bd7 19. Nc3 Bc6 20. Rd2 Rad8 21. Rad1 c4 22. b3 b5 23. Bxa7 b4 24. Ne2 c3 25. Rc2 Nf4 26. Nxf4 Rxd1# 0-1

[Event "EU-ch qual Online"]
[Site "Tornelo INT"]
[Date "2020.12.18"]
[Round "11"]
[White "Babazada, Khazar Araz"]
[Black "Olszewski, Michal"]
[Result "0-1"]
[WhiteElo "2409"]
[BlackElo "2525"]
[PlyCount "98"]
[EventDate "2020.12.18"]
[EventType "swiss"]
[EventRounds "11"]
[EventCountry "POL"]
[SourceTitle "CBM 199 Extra"]
[Source "ChessBase"]
[SourceDate "2021.01.31"]
[SourceVersion "1"]
[SourceVersionDate "2021.01.31"]
[SourceQuality "1"]

1. e4 c5 2. Nc3 d6 3. g3 Nc6 4. Bg2 g6 5. Nge2 Bg7 6. 0-0 e6 7. d3 Nge7 8. Be3 Nd4 9. Qd2 0-0 10. Nd1 Rb8 11. c3 Nxe2+ 12. Qxe2 b5 13. Qd2 b4 14. Bh6 bxc3 15. bxc3 Qa5 16. Bxg7 Kxg7 17. Ne3 Ba6 18. Rfe1 Nc6 19. Ng4 f6 20. Rad1 Ne5 21. Nxe5 dxe5 22. d4 exd4 23. cxd4 Qxd2 24. Rxd2 Rfd8 25. d5 Kf7 26. Rc1 c4 27. f4 Ke7 28. Kf2 exd5 29. exd5 Kd6 30. Rc3 Re8 31. Bh3 f5 32. Bf1 Kc5 33. Rdc2 Re4 34. Bg2 Rd4 35. Re3 Rb1 36. Re7 Bb7 37. Rxh7 Bxd5 38. Bxd5 Kxd5 39. Rxa7 Ke4 40. Re7+ Kd3 41. Rce2 c3 42. R7e3+ Kc4 43. Re6 Rd2 44. Rc6+ Kd3 45. Rd6+ Kc2 46. a4 Rb2 47. a5 Rxe2+ 48. Kxe2 Kb1+ 49. Kd3 Rd2+ 0-1

[Event "EU-ch qual Online"]
[Site "Tornelo INT"]
[Date "2020.12.18"]
[Round "4"]
[White "Olszewski, Michal"]
[Black "Koelle, Tobias"]
[Result "1-0"]
[WhiteElo "2525"]
[BlackElo "2340"]
[PlyCount "83"]
[EventDate "2020.12.18"]
[EventType "swiss"]
[EventRounds "11"]
[EventCountry "POL"]
[SourceTitle "CBM 199 Extra"]
[Source "ChessBase"]
[SourceDate "2021.01.31"]
[SourceVersion "1"]
[SourceVersionDate "2021.01.31"]
[SourceQuality "1"]

1. e4 e5 2. Nf3 Nc6 3. Bb5 a6 4. Ba4 Nf6 5. Qe2 b5 6. Bb3 Bc5 7. c3 d6 8. d3 h6 9. Nbd2 0-0 10. h3 a5 11. Nf1 a4 12. Bc2 b4 13. Ne3 a3 14. 0-0 Be6 15. c4 Nd4 16. Nxd4 Bxd4 17. Bb3 Nd7 18. Rb1 axb2 19. Bxb2 Bxb2 20. Rxb2 Nc5 21. f4 exf4 22. Rxf4 Bd7 23. Rf3 Ne6 24. Nf5 Qg5 25. Rg3 Qc1+ 26. Kh2 Kh7 27. Rd2 g6 28. d4 gxf5 29. exf5 Ng5 30. Rxg5 Rae8 31. Qd3 hxg5 32. f6+ Kg8 33. Bc2 Qxc2 34. Rxc2 Re6 35. Qf5 Re5 36. Qxd7 Re6 37. Rf2 Rfe8 38. Qxc7 Kh7 39. Qxf7+ Kh6 40. Qg7+ Kh5 41. g4+ Kh4 42. Qh6# 1-0

[Event "EU-ch qual Online"]
[Site "Tornelo INT"]
[Date "2020.12.18"]
[Round "3"]
[White "Villegas, Pierre"]
[Black "Olszewski, Michal"]
[Result "0-1"]
[WhiteElo "2367"]
[BlackElo "2525"]
[PlyCount "116"]
[EventDate "2020.12.18"]
[EventType "swiss"]
[EventRounds "11"]
[EventCountry "POL"]
[SourceTitle "CBM 199 Extra"]
[Source "ChessBase"]
[SourceDate "2021.01.31"]
[SourceVersion "1"]
[SourceVersionDate "2021.01.31"]
[SourceQuality "1"]

1. d4 Nf6 2. c4 e6 3. Nc3 Bb4 4. f3 c5 5. d5 exd5 6. cxd5 0-0 7. e4 d6 8. Nge2 Nbd7 9. Ng3 a6 10. a4 Ne5 11. Be2 c4 12. Be3 Rb8 13. 0-0 b5 14. axb5 axb5 15. f4 Ned7 16. Ba7 Rb7 17. Bd4 Re8 18. Bf3 Bc5 19. Bxc5 Nxc5 20. e5 dxe5 21. d6 Rb6 22. fxe5 Rxe5 23. Qd4 Qxd6 24. Qxd6 Rxd6 25. Nxb5 Rd8 26. Ra8 Ree8 27. Nc7 Rf8 28. Rc1 Nd3 29. Rxc4 Ne5 30. Rc1 Nxf3+ 31. gxf3 Bb7 32. Rxd8 Rxd8 33. b4 Bxf3 34. b5 h5 35. Nf5 g6 36. Ne7+ Kg7 37. b6 Rd6 38. Rb1 Bb7 39. Ned5 Nd7 40. Ne8+ Kf8 41. Nxd6 Bxd5 42. b7 Nb8 43. Nc8 Ke8 44. Rd1 Be6 45. Rd6 h4 46. Na7 Ke7 47. Rb6 Kd8 48. Nc6+ Kc7 49. Nxb8 Kxb6 50. Nd7+ Kxb7 51. Ne5 h3 52. Kf2 Kc7 53. Kg3 Kd6 54. Nf3 f6 55. Kf4 g5+ 56. Ke4 g4 57. Nd4 g3 58. Nf3 Bd5+ 0-1

[Event "POL-chT Ekstraliga"]
[Site "Warsaw"]
[Date "2020.08.29"]
[Round "4.4"]
[White "Gumularz, Szymon"]
[Black "Olszewski, Michal"]
[Result "1-0"]
[WhiteElo "2506"]
[BlackElo "2547"]
[PlyCount "129"]
[EventDate "2020.08.26"]
[EventType "team-tourn"]
[EventRounds "9"]
[EventCountry "POL"]
[SourceTitle "CBM 198 Extra"]
[Source "ChessBase"]
[SourceDate "2020.11.30"]
[SourceVersion "1"]
[SourceVersionDate "2020.11.30"]
[SourceQuality "1"]
[WhiteTeam "Wroclaw Polonia"]
[BlackTeam "Legnica Miedz"]
[WhiteTeamCountry "POL"]
[BlackTeamCountry "POL"]

1. e4 e5 2. Nf3 Nc6 3. Bc4 Nf6 4. d3 Be7 5. 0-0 0-0 6. Re1 d6 7. a4 Na5 8. Ba2 c5 9. Na3 Nc6 10. c3 h6 11. Bd2 Re8 12. Nc2 Bf8 13. b4 cxb4 14. cxb4 Be6 15. b5 Bxa2 16. Rxa2 Ne7 17. Ne3 Ng6 18. Qb3 d5 19. Nxd5 Nxd5 20. exd5 Qd7 21. h4 Rad8 22. h5 Nf4 23. Nxe5 Qxd5 24. Qxd5 Nxd5 25. Nf3 Rxe1+ 26. Nxe1 Nf6 27. Rc2 Bd6 28. Be3 Bb8 29. Rc5 Kf8 30. Kf1 Ke7 31. Ke2 Rd5 32. Rc8 Rd8 33. Rc5 b6 34. Rc4 Nxh5 35. Nc2 Kd7 36. Nb4 Bd6 37. Nc6 Ra8 38. Kf3 Bc7 39. Bd4 f5 40. g4 fxg4+ 41. Kxg4 Nf4 42. Be5 Ne6 43. f4 Bxe5 44. Nxe5+ Kd6 45. Rc6+ Kd5 46. Nc4 Nf8 47. Rxb6 axb6 48. Nxb6+ Kc5 49. Nxa8 Kb4 50. b6 Ka5 51. b7 Nd7 52. Nc7 Kb6 53. Ne6 Kxb7 54. Nxg7 Nc5 55. d4 Nxa4 56. f5 Kc6 57. f6 Kd6 58. Kh5 Nb6 59. Kxh6 Nd7 60. Kg6 Kd5 61. Nf5 Ke4 62. f7 Nf8+ 63. Kf6 Nh7+ 64. Ke7 Kxf5 65. d5 1-0

[Event "ISL-chT1 1819"]
[Site "Reykjavik"]
[Date "2019.03.02"]
[Round "8.5"]
[White "Olszewski, Michal"]
[Black "Einarsson, Arnthor"]
[Result "1-0"]
[WhiteElo "2516"]
[BlackElo "2242"]
[PlyCount "28"]
[EventDate "2018.11.08"]
[EventType "team-tourn"]
[EventRounds "9"]
[EventCountry "ISL"]
[SourceTitle "CBM 189 Extra"]
[Source "ChessBase"]
[SourceDate "2019.06.03"]
[SourceVersion "1"]
[SourceVersionDate "2019.06.03"]
[SourceQuality "1"]
[WhiteTeam "Vikingaklubburinn"]
[BlackTeam "Skakdeild KR"]
[WhiteTeamCountry "ISL"]
[BlackTeamCountry "ISL"]

1. e4 c6 2. d4 d5 3. e5 Bf5 4. Nf3 e6 5. Be2 Nd7 6. 0-0 c5 7. c4 Ne7 8. Na3 a6 9. Be3 Nc6 10. cxd5 exd5 11. Nc2 Be7 12. dxc5 Nxc5 13. Ncd4 Bd7 14. Rc1 Ne4 1-0

[Event "ISL-chT1 1819"]
[Site "Reykjavik"]
[Date "2019.02.28"]
[Round "6.4"]
[White "Olszewski, Michal"]
[Black "Carlsson, Pontus"]
[Result "1-0"]
[WhiteElo "2516"]
[BlackElo "2454"]
[PlyCount "65"]
[EventDate "2018.11.08"]
[EventType "team-tourn"]
[EventRounds "9"]
[EventCountry "ISL"]
[SourceTitle "CBM 189 Extra"]
[Source "ChessBase"]
[SourceDate "2019.06.03"]
[SourceVersion "1"]
[SourceVersionDate "2019.06.03"]
[SourceQuality "1"]
[WhiteTeam "Vikingaklubburinn"]
[BlackTeam "Skakdeild Fjolnis"]
[WhiteTeamCountry "ISL"]
[BlackTeamCountry "ISL"]

1. d4 e6 2. c4 Nf6 3. Nf3 b6 4. Bf4 Bb4+ 5. Nbd2 Bb7 6. e3 Ne4 7. a3 Bxd2+ 8. Nxd2 Nxd2 9. Qxd2 0-0 10. Bd3 d6 11. 0-0 Nd7 12. Bg3 f5 13. f3 Qe7 14. b4 e5 15. c5 bxc5 16. bxc5 dxc5 17. Qb2 f4 18. exf4 exf4 19. Bf2 Bd5 20. Qc2 h6 21. Rfe1 Qg5 22. h4 Qf6 23. dxc5 c6 24. Be4 Qf7 25. Bxd5 Qxd5 26. Rad1 Qf7 27. Qa4 Rac8 28. Qxa7 Nf6 29. Re7 Qg6 30. Qb7 Rfe8 31. Rxe8+ Rxe8 32. Re1 Rxe1+ 33. Bxe1 1-0

[Event "POL-chT"]
[Site "Poland"]
[Date "2018.09.14"]
[Round "4.5"]
[White "Olszewski, Michal"]
[Black "Piesik, Piotr"]
[Result "1-0"]
[WhiteElo "2529"]
[BlackElo "2353"]
[PlyCount "87"]
[EventDate "2018.06.08"]
[EventType "team-tourn"]
[EventRounds "9"]
[EventCountry "POL"]
[SourceTitle "EXT 2019"]
[Source "ChessBase"]
[SourceDate "2018.10.10"]
[SourceVersion "1"]
[SourceVersionDate "2018.10.10"]
[SourceQuality "1"]
[WhiteTeam "Gliwice Akademia Szachowa"]
[BlackTeam "Czestochowa Hetman"]
[WhiteTeamCountry "POL"]
[BlackTeamCountry "POL"]

1. e4 e5 2. Nf3 Nc6 3. Bb5 a6 4. Ba4 Nf6 5. 0-0 b5 6. Bb3 Be7 7. Re1 d6 8. a4 Bg4 9. c3 0-0 10. h3 Be6 11. d4 Bxb3 12. Qxb3 Na5 13. Qc2 Nd7 14. Na3 exd4 15. Nxd4 c5 16. Nf5 b4 17. cxb4 cxb4 18. Bd2 bxa3 19. Bxa5 Qxa5 20. Nxe7+ Kh8 21. Nc6 Qb6 22. Rxa3 Nc5 23. b4 Qxc6 24. bxc5 dxc5 25. Rc3 Rfc8 26. Rc1 Qe8 27. Rd1 Ra7 28. Rxc5 Rxc5 29. Qxc5 Ra8 30. Qd5 h6 31. e5 Rc8 32. Rd4 Qe7 33. Qd6 Qa7 34. Kh2 Kh7 35. Rf4 a5 36. Qd5 Rc5 37. Qe4+ Kg8 38. e6 fxe6 39. Qxe6+ Kh7 40. Qe4+ Kg8 41. Qe6+ Kh7 42. Rf8 Qc7+ 43. f4 Rc6 44. Qe8 1-0